000 00791nam a2200217 i 4500
001 54041
003 ES-MaACL
005 20230906162900.0
007 t|
008 940202s1861 sp ||||1| spa d
040 _aAS
_bspa
100 1 _aFerrer de Couto, José.
_950453
245 1 0 _aCuestiones de Méjico, Venezuela y América en general
_b: informes a S.M., cartas... y otros documentos... /
_cpor José Ferrer de Couto.
250 _a2ª ed.
260 _aMadrid :
_b[s.n.],
_c1861 (
_fImprenta de A. Sta Coloma)
300 _a660 p. ;
_c25 cm.
651 4 _aAmérica Latina-
_xPolítica y gobierno-
_yS.XIX.
_9159444
651 4 _aMéxico-
_xPolítica y gobierno-
_y1821-1861.
_9159445
651 4 _aVenezuela-
_xPolítica y gobierno-
_y1830-1935.
_9159446
852 _aES-MaACL
_jG-7557
999 _c54041
_d54041